000 01045nac a22003017a 4500
001 BR0100940
003 BR-BrBNA
005 20240105122521.0
008 230509b bl.|||m| |||| 00| 0 por d
040 _aBR-BrBNA
_bpor
_cBiblioteca Nacional de Agricultura
072 _aJ11
090 _a1410 BR0100940
100 1 _aCoutinho, M.V.
100 1 _aOliveira Neto, O.B. de
100 1 _aSa, M. de F.G. de
110 1 _aEMBRAPA Recursos Geneticos e Biotecnologia, Brasilia, DF (Brasil)
245 1 _aAs pragas que atacam o feijao armazenado e os possiveis fatores proteicos envolvidos em sua resistencia
260 3 _aBrasilia, DF (Brasil):
_c2000.
300 _a66 p.
490 _aCircular Tecnica - EMBRAPA Recursos Geneticos e Biotecnologia (Brazil)
_vno. 6
_xISSN 01516-4349
500 _aBibliography p. 51-66; 5 illus.
650 _aFeijao
650 _aPraga de Produto Armazenado
650 _aControle Quimico
650 _aControle Fisico
909 _a202312
_bLúcia Elande
_c55
_dLúcia Elande
942 _2AGRIS
_n0
_cMS
999 _c291442
_d291442